| 000 | 00918pam a2200277 a 4500 | ||
|---|---|---|---|
| 001 | 3959191 | ||
| 003 | OSt | ||
| 005 | 20241114110538.0 | ||
| 008 | 940314s1995 mdua b 001 0 eng c | ||
| 010 | _a 94009400 | ||
| 020 | _a0683073699 | ||
| 040 |
_aDNLM/DLC _cDLC _dDLC |
||
| 050 | 0 | 0 |
_aQM551 _b.R67 1995 |
| 060 | 1 | 0 | _aQS 517 R825h 1995 |
| 082 | 0 | 0 |
_aQS 517 R82h 1995 _220 |
| 100 | 1 |
_aRoss, Michael H.; Romrell, Lynn J.; Kaye, Gordon I. _9943 |
|
| 245 | 1 | 0 | _aHistology : a text and atlas |
| 250 | _a3rd ed. | ||
| 260 |
_aBaltimore; _bWilliams & Wilkins, _cc1995. |
||
| 300 |
_axiii, 823 p. : _bill. (some col.) ; _c28 cm. |
||
| 504 | _aIncludes bibliographical references and index. | ||
| 650 | 0 |
_aHistology atlas _9194 |
|
| 906 |
_a7 _bcbc _corignew _d1 _eocip _f19 _gy-gencatlg |
||
| 942 |
_2z _cSLOAN |
||
| 999 |
_c485 _d485 |
||